Bundesliga Trainer 22/23 - Statistiken

Allgemein
  • Dieses Quiz wurde 549 mal gespielt
  • Das Durchschnittsergebnis liegt bei 12 aus 18
Antwortstatistiken
Hint Antwort % Korrekt
Bayern München Julian Nagelsmann
99%
SC Freiburg Christian Streich
91%
Borussia Dortmund Edin Terzić
89%
1. FC Köln Steffen Baumgart
86%
Eintracht Frankfurt Oliver Glasner
81%
1. FC Union Berlin Urs Fischer
78%
VfL Wolfsburg Niko Kovač
76%
RB Leipzig Domenico Tedesco
69%
1. FSV Mainz 05 Bo Svensson
67%
Borussia Mönchengladbach Daniel Farke
66%
VfL Bochum Thomas Reis
65%
Werder Bremen Ole Werner
63%
Bayer 04 Leverkusen Gerardo Seoane
58%
Hertha BSC Sandro Schwarz
57%
FC Schalke 04 Frank Kramer
49%
VfB Stuttgart Pellegrino Matarazzo
49%
FC Augsburg Enrico Maaßen
47%
TSG 1899 Hoffenheim André Breitenreiter
44%
Keine übereinstimmenden Quizze gefunden
Verteilung der Resultate
Anzahl Personen mit jedem Resultat
Perzentil nach korrekt beantworteten Fragen
Ihre Resultats-Entwicklung
Sie haben dieses Quiz noch nicht gespielt